000 00330nam a2200145Ia 4500
003 OSt
005 20240115162559.0
008 170523s9999 xx 000 0 und d
020 _a9789386456267
040 _cIIMT UNIVERSITY
100 _aRam Raghu
245 0 _aSUPPLY CHAIN MANAGEMENT
260 _bMac Millan
942 _2ddc
_c02
999 _c1398
_d1398